00531 a2200157 4500010001400000020002300014035001300037037001500050082000800065100002000073245007700093260004800170270011300218300002200331700002000353 aENG-89578 a8125922091c140.00 aEN-73111 bDBAD / PUB14a0041 aAggarwal, Meera1 aLog on to computer applications 9/cby Meera Aggarwal and Manjeet Jauhar aNew DelhibMadhuban Educational Booksc2003 a576, Masjid Road, Jangpura,bNew Delhie110 014cDelhi :k0120-4078900l0120-4078999minfo@madhubunbooks.com a322p.c24cm (pbk) aJauhar, Manjeet